|
|
|
|
| LEADER |
00000nam0a2200000 4500 |
| 001 |
293407 |
| 005 |
20231102000605.0 |
| 035 |
|
|
|a (RuTPU)RU\TPU\book\318435
|
| 090 |
|
|
|a 293407
|
| 100 |
|
|
|a 20150430d1983 k y0rusy5003 ca
|
| 101 |
0 |
|
|a rus
|
| 102 |
|
|
|a RU
|
| 105 |
|
|
|a a z 001zy
|
| 200 |
1 |
|
|a Кинетика гетерогенных каталитических реакций. Методические вопросы кинетики
|e тематический сборник
|f Академия наук СССР (АН СССР), Институт химической физики им. Н. Н. Семенова (ИХФ) ; Академия наук СССР (АН СССР), Институт органической химии им. Н. Д. Зелинского (ИОХ) ; отв. ред. С. Л. Киперман
|
| 210 |
|
|
|a Черноголовка (Моск. обл.)
|c [Б. и.]
|d 1983
|
| 215 |
|
|
|a 93 с.
|c ил.
|
| 320 |
|
|
|a Библиография в конце статей
|
| 606 |
1 |
|
|a Химические реакции, гетерогенно-каталитические
|2 stltpush
|3 (RuTPU)RU\TPU\subj\70730
|9 84935
|
| 610 |
1 |
|
|a кинетика
|
| 610 |
1 |
|
|a динамика
|
| 610 |
1 |
|
|a моделирование
|
| 610 |
1 |
|
|a нестационарные режимы
|
| 610 |
1 |
|
|a стационарные режимы
|
| 675 |
|
|
|a 544.47:544.144
|z rus
|v 4
|
| 702 |
|
1 |
|a Киперман
|b С. Л.
|g Савелий Львович
|4 340
|
| 712 |
0 |
2 |
|a Академия наук СССР (АН СССР)
|b Институт химической физики им. Н. Н. Семенова (ИХФ)
|c (Москва)
|2 stltpush
|3 (RuTPU)RU\TPU\col\1482
|
| 712 |
0 |
2 |
|a Академия наук СССР (АН СССР)
|b Институт органической химии им. Н. Д. Зелинского (ИОХ)
|c (Москва)
|2 stltpush
|3 (RuTPU)RU\TPU\col\11574
|
| 801 |
|
0 |
|a RU
|b RuMRKP
|c 19950704
|g psbo
|
| 801 |
|
1 |
|a RU
|b 63413507
|c 20150430
|
| 801 |
|
2 |
|a RU
|b 63413507
|c 20190228
|g RCR
|
| 942 |
|
|
|c BK
|